000 00273nam a22001337a 4500
008 170821b xxu||||| |||| 00| 0 eng d
020 _a9780618078691
041 _aeng
080 _a51
100 _a37
101 _aMAT
245 _aALGEBRA1
_cLARSON
942 _2udc
_cBK
999 _c24181
_d24181